Single mothers in Russia: houshelod strategies for coping with poverty (Record no. 283326)

000 -LEADER
fixed length control field 00476cam a22001337a 4500
008 - FIXED-LENGTH DATA ELEMENTS--GENERAL INFORMATION
fixed length control field 180718b2000 xxu||||| |||| 00| 0 eng d
100 ## - MAIN ENTRY--PERSONAL NAME
Personal name Likshin, Michael
245 ## - TITLE STATEMENT
Title Single mothers in Russia: houshelod strategies for coping with poverty
Statement of responsibility, etc. by Michael Lokshin, Kathleen Mullan Harris and Barry Popkin
260 ## - PUBLICATION, DISTRIBUTION, ETC.
Place of publication, distribution, etc. Washington, D.C.
Name of publisher, distributor, etc. World Bank
Date of publication, distribution, etc. 2000
300 ## - PHYSICAL DESCRIPTION
Extent 26p.
440 ## - SERIES STATEMENT/ADDED ENTRY--TITLE
Title Policy research working paepr 2300
700 ## - ADDED ENTRY--PERSONAL NAME
Personal name Popkin, Barry
700 ## - ADDED ENTRY--PERSONAL NAME
Personal name Harris, Kathleen
Holdings
Withdrawn status Lost status Damaged status Not for loan Permanent Location Current Location Date acquired Barcode Date last seen Price effective from Koha item type
        Indian Institute of Public Administration Indian Institute of Public Administration 2001-01-17 WB8421 2018-07-20 2018-07-20 WB

Powered by Koha